000 00407nam a2200133Ia 4500
008 151021s9999 xx 000 0 und d
020 _a451525264
050 _aPZ 7 .K9490155 1995
245 _a_Les Miserables (The only complete and unabridged paperback edition) Victor Hugo
260 _aNew York Penguin groups 1987
300 _a1461p
650 _a_Literature
980 _a^d20110822 04:11:12^oanne
999 _c8122
_d8122